Statistics for Countries with the Most Venomous Snake Bites

Click here to take the quiz!

General Stats

  • This quiz has been taken 554 times
  • The average score is 4 of 6

Answer Stats

Number of EnvenomingsCountry% Correct
81,000India
92%
30,000Brazil
87%
28,000Mexico
73%
30,000Vietnam
53%
33,000Sri Lanka
36%
20,000Nepal
26%

Score Distribution

Percentile by Number Answered

Percent of People with Each Score

Your Score History

You have not taken this quiz